Enciclopedias

Պահպանված է:
Մատենագիտական մանրամասներ
Ձևաչափ: Գիրք
Լեզու:անգլերեն
Հրապարակվել է: Tokio Gakken 1991
Խորագրեր:
Ցուցիչներ: Ավելացրեք ցուցիչ
Չկան պիտակներ, Եղեք առաջինը, ով նշում է այս գրառումը!

MARC

LEADER 00000nam a2200000 a 4500
001 UCY5316
003 CL-VaPUC
008 950426e19910000JA |||||||||||||||||eng|d
082 0 4 |a 952  |b ENC  |2 21 
245 1 0 |a Enciclopedias 
246 1 0 |a Pictorial encyclopedia of modern Japan 
300 |a 136 p 
942 |c BK 
945 |d 19950426 00:00:00  |a rbrito 
260 |a Tokio  |b Gakken  |c 1991 
650 0 |a Cultura japonesa   |9 333979 
650 0 |a Historia  |9 255047 
651 0 |a Japón   |9 260391 
583 |a last modification  |c 19950426 00:00:00  |k Rodrigo Vera 
999 |c 232999  |d 232997 
952 |0 0  |1 0  |4 0  |6 952_000000000000000_ENC_1991  |7 0  |8 F  |9 238041  |a BIBGIM  |b BIBGIM  |d 2019-11-18  |i 3079171  |o 952 ENC 1991  |p 3079171  |r 2025-01-15  |w 2019-11-18  |y BK_F  |k ORI